000 00661nam a22002417a 4500
001 000416
003 DO-SdBNP
005 20160722134445.0
007 000416
008 160722b 1998 nyu a ||||| |||| 00| 0 spa d
020 _a0590456105
040 _aBPMSU
_bspa
_cBPMSU
092 _axxxxx
_bxxxxx
100 1 _aScieszka, Jon
245 1 0 _aTut, Tut /
_cby Jon Scieszka ; illustrated by Lane Smith.
260 _aNew York :
_bScholastic,
_c1998.
300 _a74 p. :
_bil. ;
_c20 cm.
490 1 _aTime warp trio.
700 1 2 _aSmith, Lane,
_eil.
830 0 _aTime warp trio.
942 _2ddc
_cBK
956 _2LOPEREZ
_310
_620160722
_8BPMSU
_a00041
999 _c11011
_d11011